000
00329nam a2200145Ia 4500
008
230917s9999||||xx |||||||||||||| ||und||
040
_e
54757
_a
MAIN
041
_a
English
082
_a
861.6 N358S
100
_a
Neruda, Pablo
245
0
_a
Selected poems
260
_b
Penguin Books
_c
1975
300
_a
225 p.
942
_c
BK
999
_c
180751
_d
180751